000 00283nam a22001337a 4500
008 190205b xxu||||| |||| 00| 0 eng d
020 _a0314777946
041 _aeng
080 _22nd
_a316
100 _a50
101 _aSOC
245 _aSociology
_cShepard, J.M
942 _2udc
_cBK
999 _c54020
_d54020